[Event "IECG CD.2006.0.00106 email"]
[Site "IECG email"]
[Date "2006.02.11"]
[Round "6"]
[White "Casser, Aaron"]
[Black "Orlandi, Aristides"]
[Result "0-1"]
[WhiteElo "1538"]
[BlackElo "1500"]
[PlyCount "50"]
[EventDate "2006.02.11"]
[EventType "tourn (corr)"]
[EventRounds "6"]
[SourceTitle "Corr 2008"]
[Source "ChessBase"]
[SourceDate "2008.06.24"]
[SourceVersion "1"]
[SourceVersionDate "2008.06.24"]
[SourceQuality "1"]

1. e4 e5 2. Nf3 Nc6 3. d4 exd4 4. Nxd4 Nf6 5. Nc3 Bb4 6. Nxc6 bxc6 7. Bd3 d5 8. exd5 cxd5 9. Qe2+ Be7 10. Bg5 0-0 11. 0-0-0 c6 12. Rhe1 Bd6 13. f3 Rb8 14. Qf2 h6 15. Be3 Qa5 16. Bd4 Nd7 17. Qh4 Nc5 18. Bf1 Bd7 19. Be5 Bxe5 20. Rxe5 Rb7 21. Qd4 Rfb8 22. b3 Rb4 23. Qd2 f6 24. Re7 Qa3+ 25. Kb1 Bf5 0-1

[Event "IECG CD.2005.0.00094 email"]
[Site "IECG email"]
[Date "2005.04.03"]
[Round "?"]
[White "Wakeham, Marc R"]
[Black "Orlandi, Aristides"]
[Result "0-1"]
[WhiteElo "1561"]
[BlackElo "1500"]
[PlyCount "40"]
[EventDate "2005.04.03"]
[EventType "tourn (corr)"]
[EventRounds "6"]
[SourceTitle "Corr 2008"]
[Source "ChessBase"]
[SourceDate "2008.06.24"]
[SourceVersion "1"]
[SourceVersionDate "2008.06.24"]
[SourceQuality "1"]

1. e4 c5 2. c3 d5 3. exd5 Qxd5 4. d4 Nf6 5. Nf3 Nc6 6. Be3 Bg4 7. Be2 0-0-0 8. 0-0 e6 9. h3 Bh5 10. Na3 cxd4 11. cxd4 Kb8 12. b3 Bxa3 13. Qc2 Bxf3 14. Bxf3 Nxd4 15. Bf4+ Ka8 16. Bxd5 Nxc2 17. Rad1 Rxd5 18. Rxd5 Nxd5 19. Be5 f6 20. Bg3 Nc3 0-1